[Event "Steinfurt Bezirksklasse 1011"]
[Site "Germany"]
[Date "2011.02.26"]
[Round "7.2"]
[White "Leismann, Thomas"]
[Black "Heeger, Klaus"]
[Result "1/2-1/2"]
[WhiteElo "1470"]
[BlackElo "1224"]
[PlyCount "57"]
[EventDate "2010.09.25"]
[EventType "team-tourn"]
[EventRounds "9"]
[EventCountry "GER"]
[SourceTitle "EXT 2012"]
[Source "ChessBase"]
[SourceDate "2011.11.24"]
[SourceVersion "1"]
[SourceVersionDate "2011.11.24"]
[SourceQuality "1"]
[WhiteTeam "Ibbenbueren III"]
[BlackTeam "Emsdetten Rochade IV"]
[WhiteTeamCountry "GER"]
[BlackTeamCountry "GER"]

1. e4 e5 2. Nf3 Nc6 3. Bc4 Bc5 4. d3 d6 5. 0-0 Nf6 6. Bg5 Bg4 7. h3 Bh5 8. c3 h6 9. Bh4 Qe7 10. b4 Bb6 11. a4 a6 12. Nbd2 g5 13. Bg3 Qd7 14. Qb3 0-0-0 15. b5 Na5 16. Qa2 Nxc4 17. Qxc4 a5 18. Rfe1 g4 19. hxg4 Qxg4 20. Nf1 Rhg8 21. Ne3 Qg7 22. Nf5 Qf8 23. d4 Bxf3 24. gxf3 Nh5 25. Kf1 Nxg3+ 26. fxg3 Rg5 27. Ra2 h5 28. Rh2 Re8 29. d5 1/2-1/2

[Event "Steinfurt Bezirksklasse 0607"]
[Site "Germany"]
[Date "2007.04.14"]
[Round "7.3"]
[White "Leismann, Thomas"]
[Black "Roos, Wilfried"]
[Result "1/2-1/2"]
[WhiteElo "1504"]
[BlackElo "1671"]
[PlyCount "33"]
[EventDate "2006.09.30"]
[EventType "team-tourn"]
[EventRounds "7"]
[EventCountry "GER"]
[SourceTitle "EXT 2008"]
[Source "ChessBase"]
[SourceDate "2007.11.25"]
[SourceVersion "1"]
[SourceVersionDate "2007.11.25"]
[SourceQuality "1"]
[WhiteTeam "Ibbenbueren III"]
[BlackTeam "Saerbeck III"]
[WhiteTeamCountry "GER"]
[BlackTeamCountry "GER"]

1. e4 c5 2. Nf3 Nc6 3. Nc3 d6 4. Bc4 g6 5. 0-0 Bg7 6. d3 Nf6 7. h3 0-0 8. Bf4 Nd7 9. Re1 Nde5 10. Bb3 Kh8 11. Nxe5 Nxe5 12. Nd5 e6 13. Ne3 b5 14. Rb1 Qf6 15. Bg3 h5 16. f4 Nc6 17. Rf1 1/2-1/2

[Event "Steinfurt Bezirksklasse 0506"]
[Site "Germany"]
[Date "2005.11.12"]
[Round "3.2"]
[White "Overmeyer, Juergen"]
[Black "Leismann, Thomas"]
[Result "1/2-1/2"]
[WhiteElo "1636"]
[BlackElo "1527"]
[PlyCount "57"]
[EventDate "2005.09.10"]
[EventType "team-tourn"]
[EventRounds "7"]
[EventCountry "GER"]
[SourceTitle "EXT 2006"]
[Source "ChessBase"]
[SourceDate "2005.11.24"]
[SourceVersion "1"]
[SourceVersionDate "2005.11.24"]
[SourceQuality "1"]
[WhiteTeam "Emsdetten Rochade III"]
[BlackTeam "Ibbenbueren III"]
[WhiteTeamCountry "GER"]
[BlackTeamCountry "GER"]

1. e4 e5 2. f4 Nc6 3. Bc4 Bc5 4. Nf3 d6 5. Ng5 Nh6 6. Qh5 0-0 7. f5 Na5 8. Be2 f6 9. Nf3 d5 10. d3 Nf7 11. Bd2 Nc6 12. Nc3 dxe4 13. Nxe4 Bb6 14. 0-0-0 Nd6 15. g4 Nd4 16. Nxd4 Bxd4 17. Rhf1 Qe7 18. Rf3 Bd7 19. Rh3 h6 20. Rf1 Qf7 21. Qxf7+ Rxf7 22. Bb4 Nxe4 23. dxe4 Bc6 24. Bc4 Bxe4 25. Bxf7+ Kxf7 26. Re1 Bc6 27. c3 Bf2 28. Rd1 e4 29. c4 1/2-1/2

[Event "Steinfurt Bezirksklasse 0506"]
[Site "Germany"]
[Date "2005.10.22"]
[Round "2.3"]
[White "Limberg, Johannes"]
[Black "Leismann, Thomas"]
[Result "1-0"]
[WhiteElo "1394"]
[BlackElo "1527"]
[PlyCount "57"]
[EventDate "2005.09.10"]
[EventType "team-tourn"]
[EventRounds "7"]
[EventCountry "GER"]
[SourceTitle "EXT 2006"]
[Source "ChessBase"]
[SourceDate "2005.11.24"]
[SourceVersion "1"]
[SourceVersionDate "2005.11.24"]
[SourceQuality "1"]
[WhiteTeam "Rheine SG"]
[BlackTeam "Ibbenbueren III"]
[WhiteTeamCountry "GER"]
[BlackTeamCountry "GER"]

1. e4 e5 2. Nf3 Nc6 3. Bc4 Bc5 4. Nc3 d6 5. d3 Bg4 6. h3 Bh5 7. g4 Bg6 8. Na4 Bb6 9. Nxb6 axb6 10. a3 Nf6 11. Nh4 Qd7 12. c3 d5 13. exd5 Nxd5 14. Nxg6 hxg6 15. Qf3 0-0-0 16. a4 Na5 17. 0-0 Nxc4 18. dxc4 Nf4 19. Bxf4 exf4 20. Rfd1 Qe7 21. Rxd8+ Qxd8 22. a5 bxa5 23. Rxa5 Kb8 24. Rb5 b6 25. c5 Qd7 26. c4 Qe6 27. cxb6 cxb6 28. c5 Rc8 29. Rxb6+ 1-0

[Event "Steinfurt Bezirksklasse 0304"]
[Site "Germany"]
[Date "2003.11.08"]
[Round "3.3"]
[White "Leismann, Thomas"]
[Black "Hentschel, Mathias"]
[Result "1/2-1/2"]
[WhiteElo "1378"]
[BlackElo "1293"]
[PlyCount "32"]
[EventDate "2003.09.27"]
[EventType "team-tourn"]
[EventRounds "11"]
[EventCountry "GER"]
[SourceTitle "EXT 2005"]
[Source "ChessBase"]
[SourceDate "2004.11.15"]
[SourceVersion "1"]
[SourceVersionDate "2004.11.15"]
[SourceQuality "1"]
[WhiteTeam "Ibbenbueren III"]
[BlackTeam "Rheine SG II"]
[WhiteTeamCountry "GER"]
[BlackTeamCountry "GER"]

1. e4 e5 2. Nf3 Nc6 3. Bc4 Bc5 4. d3 Nf6 5. Nc3 d6 6. Bg5 h6 7. Bh4 g5 8. Bg3 Qe7 9. Nd5 Nxd5 10. Bxd5 Nb4 11. Bc4 Be6 12. a3 Nc6 13. b4 Bxc4 14. bxc5 Ba6 15. cxd6 Qxd6 16. d4 Qg6 1/2-1/2

[Event "Steinfurt Bezirksklasse 0203"]
[Site "Germany"]
[Date "2003.03.15"]
[Round "6.5"]
[White "Leismann, Thomas"]
[Black "Kloetzing, Johannes"]
[Result "1-0"]
[WhiteElo "1345"]
[BlackElo "1263"]
[PlyCount "67"]
[EventDate "2002.09.28"]
[EventType "team-tourn"]
[EventRounds "7"]
[EventCountry "GER"]
[SourceTitle "EXT 2005"]
[Source "ChessBase"]
[SourceDate "2004.11.15"]
[SourceVersion "1"]
[SourceVersionDate "2004.11.15"]
[SourceQuality "1"]
[WhiteTeam "Ibbenbueren III"]
[BlackTeam "Steinfurt IV"]
[WhiteTeamCountry "GER"]
[BlackTeamCountry "GER"]

1. e4 e6 2. Nf3 d5 3. exd5 exd5 4. d4 Nf6 5. Bd3 Bd6 6. 0-0 0-0 7. Bg5 Be6 8. Nc3 c6 9. Re1 Nbd7 10. Ne2 Qc7 11. Qd2 Bg4 12. Ng3 Bxf3 13. gxf3 h6 14. Bxf6 Nxf6 15. Re2 Qb6 16. c3 c5 17. dxc5 Qxc5 18. Rae1 Rae8 19. Rxe8 Rxe8 20. Rxe8+ Nxe8 21. Qe3 Nf6 22. Qxc5 Bxc5 23. c4 Kf8 24. Kf1 dxc4 25. Bxc4 Bd6 26. Ke2 Nd7 27. h3 Ke7 28. Nf5+ Kf6 29. Nxd6 Ne5 30. b3 Nxc4 31. Nxc4 Kg5 32. Kf1 f6 33. Na5 b6 34. Nc6 1-0